Zasahovanie pod kepienkom "pomoci"

Bibliographic Details
Main Author: Švec, Ján V. (Author)
Format: Article
Language:Slovak
Subjects:

MARC

LEADER 00000nab a2200000 a 4500
001 vtls000150919
003 SK-MaSNL
005 20260304052125.0
008 111104c1983 xo 0 slo
015 |a SNBRB19rr/mm-uuuuu 
035 |a CL0161026 
040 |a SNKBUCL  |b slo  |c SNKBUCL  |e AACR2 
041 0 |a slo 
044 |a xo  |c SK 
080 |a 323(100-12)(674.3)  |2 1981 
080 |a 327(100-12)(73)  |2 1981 
100 1 |a Švec, Ján V.  |4 aut  |9 921630 
245 1 0 |a Zasahovanie pod kepienkom "pomoci"  |c Ján V. Švec 
650 0 7 |a vnútorná politika  |2 snkbucl  |9 970 
651 7 |a Spojené štáty americké  |2 snkbucl  |9 18262 
651 7 |a Čad  |2 snkbucl  |9 236453 
655 7 |a články z novín a časopisov  |2 snkbucl  |9 267496 
773 0 |t Pravda  |g Roč. 64, č. 176 (28. 7. 1983), s. 7 
850 |a Slovenská národná knižnica v Martine  |a MTA001 
852 |a SNK  |b KIS3GCP 
958 |a RK 
992 |a RBX 
999 |c 2706608  |d 2708538